000 00421pab a2200145 454500
008 180718b xxu||||| |||| 00| 0 eng d
100 _aAdams, Guy B.
245 _aCulture, technical rationality and organizational culture
650 _a Organisational Culture
650 _a Culture
650 _aOrganisation
700 _aIngersoll, Virginia Hill
773 _aAmerican Review of Public Administration
909 _a22298
999 _c22298
_d22298